00688nam a2200229 a 4500001001300000003000900013005001700022008004100039020001000080082001500090245004100105260004700146300001600193500003500209505001900244650003700263710003300300902000800333942000700341952009500348999001500443nice12345678IN_TiNIC20260116012358.0050524s1894 mada grp 000 0 eng  ac10000a261.2bCLS aBuddha and His Religion, 11 Articles aMadrasbChristian Literature Societyc1894 a11 articles aincludes index and biblioraphy2 aIndex, Addenda aChristianity and Other Religions2 aChristian Literature Society bSRS cBK 00104070aHMIbHMId2007-07-10g100.00l0o261.2 CLSp12563r2007-07-10w2026-01-16yEB c6776d6776